| 000 | 00949nam a2200241 u 4500 | ||
|---|---|---|---|
| 005 | 20210223133708.0 | ||
| 008 | 181107s2015 r 000 0 eng d | ||
| 020 | _a9786077775867 (Colson) | ||
| 020 | _a9786077598916 (ISC) | ||
| 035 | _aUPN01000227659 | ||
| 049 | _aCG | ||
| 050 | 4 |
_aGN560 M6 _bR3.6 |
|
| 100 | 1 |
_aRadding, Cynthia _942877 |
|
| 245 | 1 | 0 |
_aPueblos de frontera : _bcoloniaje, grupos étnicos y espacios ecológicos en el noroeste de México, 1700-1850 / _cCynthia Radding ; tr. Arturo Valencia Ramos. |
| 260 |
_aMéxico : _bEl Colegio de Sonora : _bInstituto Sonorense de Cultura, _c2015. |
||
| 300 | _a470 p. | ||
| 534 |
_pTraducción de: _tWandering peoples : colonialism, ethnic spaces, and ecological frontiers in northwestern Mexico, 1700-1850 |
||
| 650 | 4 |
_aETNICIDAD - _zSONORA _927556 |
|
| 650 | 4 |
_aECOLOGIA SOCIAL - _zSONORA _927555 |
|
| 650 | 4 |
_aCAMBIO SOCIAL - _zSONORA _927554 |
|
| 905 | _aLibro | ||
| 999 |
_c199754 _d199754 |
||